000 01540nam a2200457 c 4500
001 52128
003 ES-MaCES
005 20251115040004.0
008 220223s2021 sp 000 | spa d
017 _aAB 488-2021
_bDL
020 _a9788418330704
040 _aES-MaCES
_bspa
_cES-MaCES
100 1 _98673
_aCairós Barreto, Dulce María
245 1 4 _aUna nueva concepción del tiempo de trabajo en la era digital
_cDulce María Cairós Barreto
250 _a1ª ed
260 _aAlbacete
_bBomarzo
_c2021
300 _a218 p.
_c24 cm
490 1 _aColección Estudios
504 _aBibliografía: p. 203-218
541 _cCompra
650 4 _anuevas tecnologías
_930788
650 4 _atecnología de la información
_930104
650 4 _aevaluación del impacto
_930732
650 4 _ahoras de trabajo
_928335
650 4 _aordenamiento del tiempo de trabajo
_929205
650 4 _aflexibilidad del trabajo
_930174
650 4 _acondiciones de trabajo
_928327
650 4 _ateletrabajo
_929568
650 4 _aeconomía colaborativa
_937923
650 4 _anegociación colectiva
_928362
650 4 _aderecho del trabajo
_927165
650 4 _aderecho comunitario
_929866
650 4 _aderecho internacional
_926684
650 4 _anorma internacional del trabajo
_930609
650 4 _aEspaña
_926964
650 4 _arégimen jurídico
_929894
653 1 0 _aDerecho del trabajo y Seguridad Social
830 0 _aColección Estudios (Editorial Bomarzo)
_939568
902 _aLIB Libro
942 _2CES
_cBK
_h6.0.1.
999 _c52128
_d52128